Biggest villages and towns of Ukraine - Statistics

General Stats
  • This quiz has been taken 5 times
  • The average score is 19 of 193
Answer Stats
Oblast Population Town % Correct
120px-Flag_of_Kharkiv_Oblast.svg.png Charkiv 1.421.125 Charkiv
100%
120px-Flag_of_Kyiv_Kurovskyi.svg.png Kyïv (Misto) 2.952.301 Kyïv
100%
250px-Flag_of_Kherson_Oblast.svg.png Cherson 279.131 Cherson
80%
250px-Flag_of_Dnipropetrovsk_Oblast.svg.png Dnipropetrovs'k 968.502 Dnipro
80%
250px-Flag_of_Donetsk_Oblast.svg.png Donec'k 901.645 Donec'k
80%
250px-Flag_of_Crimea.svg.png Krym 72.013 Jalta
80%
250px-Flag_of_Luhansk_Oblast.svg.png Luhans'k 397.677 Luhans'k
80%
250px-Flag_of_Lviv_Oblast.svg.png L'viv 717.273 L'viv
80%
250px-Flag_of_Donetsk_Oblast.svg.png Donec'k 425.681 Mariupol'
80%
250px-Flag_of_Odesa_Oblast.svg.png Odesa 1.010.537 Odesa
80%
120px-Flag_of_Sevastopol.svg.png Sevastopol' 497.168 Sevastopol'
80%
250px-Flag_of_Zaporizhia_Oblast.svg.png Zaporižžja 710.052 Zaporižžja
80%
250px-Flag_of_Poltava_Oblast.svg.png Poltava 279.593 Poltava
60%
250px-Flag_of_Crimea.svg.png Krym 335.009 Simferopol'
60%
250px-Flag_of_Cherkasy_Oblast.svg.png Čerkasy 269.836 Čerkasy
40%
250px-Flag_of_Crimea.svg.png Krym 64.493 Feodosija
40%
250px-Flag_of_Ivano-Frankivsk_Oblast2.svg.png Ivano-Frankivs'k 238.196 Ivano-Frankivs'k
40%
250px-Flag_of_Crimea.svg.png Krym 105.549 Jevpatorija
40%
250px-Flag_of_Crimea.svg.png Krym 151.103 Kerč
40%
250px-Flag_of_Poltava_Oblast.svg.png Poltava 215.271 Kremenčuk
40%
250px-Flag_of_Dnipropetrovsk_Oblast.svg.png Dnipropetrovs'k 603.904 Kryvyj Rih
40%
250px-Flag_of_Sumy_Oblast.svg.png Sumy 256.474 Sumy
40%
250px-Flag_of_Ternopil_Oblast.svg.png Ternopil' 225.004 Ternopil'
40%
250px-Prapor_Vinnytskoyi_oblasti.svg.png Vinnycja 369.739 Vinnycja
40%
250px-Flag_of_Donetsk_Oblast.svg.png Donec'k 71.094 Bachmut
20%
250px-Flag_of_Kyiv_Oblast.svg.png Kyïv (Oblast) 207.273 Bila Cerkva
20%
250px-Flag_of_Kyiv_Oblast.svg.png Kyïv (Oblast) 109.806 Brovary
20%
250px-Flag_of_Kyiv_Oblast.svg.png Kyïv (Oblast) 37.321 Buča
20%
250px-Flag_of_Chernihiv_Oblast.svg.png Černihiv 282.747 Černihiv
20%
250px-Flag_of_Chernivtsi_Oblast.svg.png Černivci 264.298 Černivci
20%
250px-Flag_of_Khmelnytskyi_Oblast.svg.png Chmel'nyc'kyj 274.452 Chmel'nyc'kyj
20%
250px-Flag_of_Zaporizhia_Oblast.svg.png Zaporižžja 52.237 Enerhodar
20%
250px-Flag_of_Kyiv_Oblast.svg.png Kyïv (Oblast) 65.167 Irpin'
20%
250px-Flag_of_Odesa_Oblast.svg.png Odesa 69.932 Izmaïl
20%
250px-Flag_of_Volyn_Oblast_%283-2%29.svg.png Volyn' 215.986 Luc'k
20%
250px-Flag_of_Zaporizhia_Oblast.svg.png Zaporižžja 148.851 Melitopol'
20%
250px-Flag_of_Mykolaiv_Oblast_%282026%29.svg.png Mykolaïv 470.011 Mykolaïv
20%
250px-Flag_of_Dnipropetrovsk_Oblast.svg.png Dnipropetrovs'k 105.160 Nikopol'
20%
250px-Flag_of_Rivne_Oblast.svg.png?utm_source=en.wikipedia.org&utm_campaign=parser&utm_content=thumbnail Rivne 243.873 Rivne
20%
250px-Flag_of_Dnipropetrovsk_Oblast.svg.png Dnipropetrovs'k 69.855 Samar
20%
250px-Flag_of_Lviv_Oblast.svg.png L'viv 64.297 Šeptyckyi
20%
250px-Flag_of_Luhansk_Oblast.svg.png Luhans'k 99.067 Siverskodonec'k
20%
250px-Flag_of_Transcarpathian_Oblast.svg.png Zakarpattja 115.449 Užhorod
20%
250px-Flag_of_Zhytomyr_Oblast.svg.png Žytomyr 261.624 Žytomyr
20%
250px-Flag_of_Luhansk_Oblast.svg.png Luhans'k 106.062 Alčevs'k
0%
250px-Flag_of_Crimea.svg.png Krym 29.641 Alušta
0%
250px-Flag_of_Luhansk_Oblast.svg.png Luhans'k 52.150 Antracyt
0%
250px-Flag_of_Donetsk_Oblast.svg.png Donec'k 31.392 Avdiïvka
0%
250px-Flag_of_Crimea.svg.png Krym 27.975 Bachčysaraj
0%
120px-Flag_of_Kharkiv_Oblast.svg.png Charkiv 26.334 Balaklija
0%
250px-Flag_of_Zaporizhia_Oblast.svg.png Zaporižžja 106.311 Berdjans'k
0%
250px-Flag_of_Zhytomyr_Oblast.svg.png Žytomyr 73.046 Berdyčiv
0%
250px-Flag_of_Transcarpathian_Oblast.svg.png Zakarpattja 23.325 Berehove
0%
250px-Flag_of_Odesa_Oblast.svg.png Odesa 47.727 Bilhorod-Dnistrovs'kyj
0%
250px-Flag_of_Kyiv_Oblast.svg.png Kyïv (Oblast) 34.394 Bojarka
0%
250px-Flag_of_Lviv_Oblast.svg.png L'viv 32.473 Boryslav
0%
250px-Flag_of_Kyiv_Oblast.svg.png Kyïv (Oblast) 64.117 Boryspil'
0%
250px-Flag_of_Luhansk_Oblast.svg.png Luhans'k 44.760 Brjanka
0%
250px-Flag_of_Lviv_Oblast.svg.png L'viv 23.134 Brody
0%
250px-Flag_of_Donetsk_Oblast.svg.png Donec'k 56.182 Charcyz'k
0%
250px-Prapor_Vinnytskoyi_oblasti.svg.png Vinnycja 26.916 Chmil'nyk
0%
250px-Flag_of_Donetsk_Oblast.svg.png Donec'k 27.370 Chrestivka
0%
250px-Flag_of_Luhansk_Oblast.svg.png Luhans'k 79.533 Chrustal'nyj
0%
250px-Flag_of_Transcarpathian_Oblast.svg.png Zakarpattja 28.039 Chust
0%
250px-Flag_of_Odesa_Oblast.svg.png Odesa 57.983 Čornomors'k
0%
250px-Flag_of_Ternopil_Oblast.svg.png Ternopil' 28.279 Čortkiv
0%
120px-Flag_of_Kharkiv_Oblast.svg.png Charkiv 31.018 Čuhuïv
0%
250px-Flag_of_Donetsk_Oblast.svg.png Donec'k 53.462 Čystjakove
0%
250px-Flag_of_Donetsk_Oblast.svg.png Donec'k 24.209 Debal'ceve
0%
250px-Flag_of_Donetsk_Oblast.svg.png Donec'k 28.170 Dobropillja
0%
250px-Flag_of_Donetsk_Oblast.svg.png Donec'k 22.835 Dokučajevs'k
0%
250px-Flag_of_Ivano-Frankivsk_Oblast2.svg.png Ivano-Frankivs'k 20.417 Dolyna
0%
250px-Flag_of_Luhansk_Oblast.svg.png Luhans'k 62.691 Dovžans'k
0%
250px-Flag_of_Lviv_Oblast.svg.png L'viv 73.682 Drohobyč
0%
250px-Flag_of_Donetsk_Oblast.svg.png Donec'k 53.977 Družkivka
0%
250px-Flag_of_Rivne_Oblast.svg.png?utm_source=en.wikipedia.org&utm_campaign=parser&utm_content=thumbnail Rivne 36.901 Dubno
0%
250px-Flag_of_Crimea.svg.png Krym 34.988 Džankoj
0%
250px-Flag_of_Kyiv_Oblast.svg.png Kyïv (Oblast) 44.014 Fastiv
0%
250px-Flag_of_Poltava_Oblast.svg.png Poltava 22.851 Hadjač
0%
250px-Prapor_Vinnytskoyi_oblasti.svg.png Vinnycja 25.698 Hajsyn
0%
250px-Flag_of_Sumy_Oblast.svg.png Sumy 31.789 Hluchiv
0%
250px-Flag_of_Luhansk_Oblast.svg.png Luhans'k 26.654 Holubivka
0%
250px-Flag_of_Poltava_Oblast.svg.png Poltava 49.854 Horišni Plavni
0%
250px-Flag_of_Donetsk_Oblast.svg.png Donec'k 239.828 Horlivka
0%
120px-Flag_of_Kharkiv_Oblast.svg.png Charkiv 44.979 Izjum
0%
250px-Flag_of_Donetsk_Oblast.svg.png Donec'k 34.144 Jasynuvata
0%
250px-Flag_of_Donetsk_Oblast.svg.png Donec'k 76.673 Jenakijeve
0%
250px-Flag_of_Kherson_Oblast.svg.png Cherson 34.749 Kachovka
0%
250px-Flag_of_Luhansk_Oblast.svg.png Luhans'k 73.248 Kadiïvka
0%
250px-Flag_of_Ivano-Frankivsk_Oblast2.svg.png Ivano-Frankivs'k 65.088 Kaluš
0%
250px-Flag_of_Khmelnytskyi_Oblast.svg.png Chmel'nyc'kyj 96.896 Kam'janec'-Podil's'kyj
0%
250px-Flag_of_Dnipropetrovsk_Oblast.svg.png Dnipropetrovs'k 226.845 Kam'jans'ke
0%
250px-Flag_of_Cherkasy_Oblast.svg.png Čerkasy 23.172 Kaniv
0%
250px-Flag_of_Ivano-Frankivsk_Oblast2.svg.png Ivano-Frankivs'k 60.821 Kolomyja
0%
250px-Flag_of_Sumy_Oblast.svg.png Sumy 83.543 Konotop
0%
250px-Flag_of_Zhytomyr_Oblast.svg.png Žytomyr 61.496 Korosten'
0%
250px-Flag_of_Zhytomyr_Oblast.svg.png Žytomyr 24.129 Korostyšiv
0%
250px-Flag_of_Donetsk_Oblast.svg.png Donec'k 67.350 Kostjantynivka
0%
250px-Flag_of_Rivne_Oblast.svg.png?utm_source=en.wikipedia.org&utm_campaign=parser&utm_content=thumbnail Rivne 30.838 Kostopil'
0%
250px-Flag_of_Volyn_Oblast_%283-2%29.svg.png Volyn' 67.575 Kovel'
0%
250px-Prapor_Vinnytskoyi_oblasti.svg.png Vinnycja 22.241 Kozjatyn
0%
250px-Flag_of_Donetsk_Oblast.svg.png Donec'k 147.145 Kramators'k
0%
250px-Flag_of_Ternopil_Oblast.svg.png Ternopil' 20.476 Kremenec'
0%
250px-Flag_of_Sumy_Oblast.svg.png Sumy 22.111 Krolevec'
0%
250px-Flag_of_Kirovohrad_Oblast.svg.png Kirovohrad 219.676 Kropyvnyc'kyj
0%
120px-Flag_of_Kharkiv_Oblast.svg.png Charkiv 26.627 Kup'jans'k
0%
250px-Prapor_Vinnytskoyi_oblasti.svg.png Vinnycja 22.459 Ladyžyn
0%
250px-Flag_of_Sumy_Oblast.svg.png Sumy 23.892 Lebedyn
0%
120px-Flag_of_Kharkiv_Oblast.svg.png Charkiv 20.001 Ljubotyn
0%
120px-Flag_of_Kharkiv_Oblast.svg.png Charkiv 53.126 Lozova
0%
250px-Flag_of_Poltava_Oblast.svg.png Poltava 44.089 Lubny
0%
250px-Flag_of_Donetsk_Oblast.svg.png Donec'k 20.066 Lyman
0%
250px-Flag_of_Luhansk_Oblast.svg.png Luhans'k 93.340 Lysyčans'k
0%
250px-Flag_of_Donetsk_Oblast.svg.png Donec'k 338.968 Makiïvka
0%
250px-Flag_of_Zhytomyr_Oblast.svg.png Žytomyr 25.172 Malyn
0%
250px-Flag_of_Dnipropetrovsk_Oblast.svg.png Dnipropetrovs'k 44.980 Marhanec'
0%
120px-Flag_of_Kharkiv_Oblast.svg.png Charkiv 21.202 Merefa
0%
250px-Prapor_Vinnytskoyi_oblasti.svg.png Vinnycja 29.925 Mohyliv-Podil's'kyj
0%
250px-Flag_of_Luhansk_Oblast.svg.png Luhans'k 22.449 Molodohvardijs'k
0%
250px-Flag_of_Transcarpathian_Oblast.svg.png Zakarpattja 85.569 Mukačeve
0%
250px-Flag_of_Poltava_Oblast.svg.png Poltava 37.886 Myrhorod
0%
250px-Flag_of_Donetsk_Oblast.svg.png Donec'k 46.098 Myrnohrad
0%
250px-Flag_of_Ivano-Frankivsk_Oblast2.svg.png Ivano-Frankivs'k 22.504 Nadvirna
0%
250px-Flag_of_Khmelnytskyi_Oblast.svg.png Chmel'nyc'kyj 36.492 Netišyn
0%
250px-Flag_of_Chernihiv_Oblast.svg.png Černihiv 65.830 Nižyn
0%
250px-Flag_of_Kherson_Oblast.svg.png Cherson 44.427 Nova Kachovka
0%
250px-Flag_of_Lviv_Oblast.svg.png L'viv 31.366 Novojavorivs'k
0%
250px-Flag_of_Volyn_Oblast_%283-2%29.svg.png Volyn' 49.772 Novovolyns'k
0%
250px-Flag_of_Lviv_Oblast.svg.png L'viv 27.841 Novyj Rozdil
0%
250px-Flag_of_Kyiv_Oblast.svg.png Kyïv (Oblast) 33.287 Obuchiv
0%
250px-Flag_of_Sumy_Oblast.svg.png Sumy 46.660 Ochtyrka
0%
250px-Flag_of_Kirovohrad_Oblast.svg.png Kirovohrad 76.097 Oleksandrija
0%
250px-Flag_of_Kherson_Oblast.svg.png Cherson 24.124 Olešky
0%
250px-Flag_of_Dnipropetrovsk_Oblast.svg.png Dnipropetrovs'k 101.430 Pavlohrad
0%
250px-Flag_of_Kyiv_Oblast.svg.png Kyïv (Oblast) 26.273 Perejaslav-Chmel'nyc'kyj
0%
250px-Flag_of_Luhansk_Oblast.svg.png Luhans'k 24.817 Pereval's'k
0%
250px-Flag_of_Luhansk_Oblast.svg.png Luhans'k 36.091 Pervomajs'k
0%
250px-Flag_of_Mykolaiv_Oblast_%282026%29.svg.png Mykolaïv 62.426 Pervomajs'k
0%
120px-Flag_of_Kharkiv_Oblast.svg.png Charkiv 23.509 Pisočyn
0%
250px-Flag_of_Odesa_Oblast.svg.png Odesa 32.677 Pivdenne
0%
250px-Flag_of_Mykolaiv_Oblast_%282026%29.svg.png Mykolaïv 38.560 Pivdennoukrainsk
0%
250px-Flag_of_Odesa_Oblast.svg.png Odesa 39.220 Podil's'k
0%
250px-Flag_of_Dnipropetrovsk_Oblast.svg.png Dnipropetrovs'k 37.493 Pokrov
0%
250px-Flag_of_Donetsk_Oblast.svg.png Donec'k 60.127 Pokrovs'k
0%
250px-Flag_of_Khmelnytskyi_Oblast.svg.png Chmel'nyc'kyj 20.172 Polonne
0%
250px-Flag_of_Chernihiv_Oblast.svg.png Černihiv 51.637 Pryluky
0%
250px-Flag_of_Sumy_Oblast.svg.png Sumy 37.765 Romny
0%
250px-Flag_of_Luhansk_Oblast.svg.png Luhans'k 45.514 Roven'ky
0%
250px-Flag_of_Luhansk_Oblast.svg.png Luhans'k 55.247 Rubižne
0%
250px-Flag_of_Donetsk_Oblast.svg.png Donec'k 48.208 Šachtars'k
0%
250px-Flag_of_Dnipropetrovsk_Oblast.svg.png Dnipropetrovs'k 27.099 Šachtarske
0%
250px-Flag_of_Crimea.svg.png Krym 23.388 Saky
0%
250px-Flag_of_Lviv_Oblast.svg.png L'viv 34.152 Sambir
0%
250px-Flag_of_Rivne_Oblast.svg.png?utm_source=en.wikipedia.org&utm_campaign=parser&utm_content=thumbnail Rivne 28.626 Sarny
0%
250px-Flag_of_Donetsk_Oblast.svg.png Donec'k 21.521 Selydove
0%
250px-Flag_of_Khmelnytskyi_Oblast.svg.png Chmel'nyc'kyj 40.299 Šepetivka
0%
250px-Flag_of_Khmelnytskyi_Oblast.svg.png Chmel'nyc'kyj 34.918 Slavuta
0%
250px-Flag_of_Kyiv_Oblast.svg.png Kyïv (Oblast) 24.464 Slavutyč
0%
250px-Flag_of_Donetsk_Oblast.svg.png Donec'k 105.141 Slov'jans'k
0%
250px-Flag_of_Cherkasy_Oblast.svg.png Čerkasy 65.675 Smila
0%
250px-Flag_of_Donetsk_Oblast.svg.png Donec'k 45.767 Snižne
0%
250px-Flag_of_Lviv_Oblast.svg.png L'viv 20.373 Sokal'
0%
250px-Flag_of_Luhansk_Oblast.svg.png Luhans'k 42.315 Sorokyne
0%
250px-Flag_of_Sumy_Oblast.svg.png Sumy 71.966 Šostka
0%
250px-Flag_of_Khmelnytskyi_Oblast.svg.png Chmel'nyc'kyj 33.921 Starokostjantyniv
0%
250px-Flag_of_Lviv_Oblast.svg.png L'viv 20.200 Stebnyk
0%
250px-Flag_of_Lviv_Oblast.svg.png L'viv 59.425 Stryj
0%
250px-Flag_of_Luhansk_Oblast.svg.png Luhans'k 20.390 Suchodil's'k
0%
250px-Flag_of_Kirovohrad_Oblast.svg.png Kirovohrad 43.130 Svitlovods'k
0%
250px-Flag_of_Dnipropetrovsk_Oblast.svg.png Dnipropetrovs'k 29.651 Synel'nykove
0%
250px-Flag_of_Dnipropetrovsk_Oblast.svg.png Dnipropetrovs'k 26.961 Ternivka
0%
250px-Flag_of_Zaporizhia_Oblast.svg.png Zaporižžja 29.573 Tokmak
0%
250px-Flag_of_Donetsk_Oblast.svg.png Donec'k 30.914 Torec'k
0%
250px-Flag_of_Lviv_Oblast.svg.png L'viv 28.287 Truskavec'
0%
250px-Flag_of_Cherkasy_Oblast.svg.png Čerkasy 81.525 Uman'
0%
250px-Flag_of_Rivne_Oblast.svg.png?utm_source=en.wikipedia.org&utm_campaign=parser&utm_content=thumbnail Rivne 41.711 Varaš
0%
250px-Flag_of_Kyiv_Oblast.svg.png Kyïv (Oblast) 37.068 Vasyl'kiv
0%
250px-Flag_of_Dnipropetrovsk_Oblast.svg.png Dnipropetrovs'k 22.079 Vil'nohirs'k
0%
250px-Flag_of_Donetsk_Oblast.svg.png Donec'k 21.166 Volnovacha
0%
250px-Flag_of_Volyn_Oblast_%283-2%29.svg.png Volyn' 37.910 Volodymyr
0%
250px-Flag_of_Mykolaiv_Oblast_%282026%29.svg.png Mykolaïv 33.442 Voznesens'k
0%
250px-Flag_of_Transcarpathian_Oblast.svg.png Zakarpattja 25.317 Vynohradiv
0%
250px-Flag_of_Kyiv_Oblast.svg.png Kyïv (Oblast) 33.109 Vyšhorod
0%
250px-Flag_of_Kyiv_Oblast.svg.png Kyïv (Oblast) 42.983 Vyšneve
0%
250px-Flag_of_Crimea.svg.png Krym 25.026 Yany Kapu
0%
250px-Flag_of_Rivne_Oblast.svg.png?utm_source=en.wikipedia.org&utm_campaign=parser&utm_content=thumbnail Rivne 24.501 Zdolbuniv
0%
120px-Flag_of_Kharkiv_Oblast.svg.png Charkiv 28.510 Zlatopil
0%
250px-Prapor_Vinnytskoyi_oblasti.svg.png Vinnycja 33.754 Žmerynka
0%
250px-Flag_of_Kirovohrad_Oblast.svg.png Kirovohrad 21.221 Znam'janka
0%
250px-Flag_of_Lviv_Oblast.svg.png L'viv 23.912 Zoločiv
0%
250px-Flag_of_Cherkasy_Oblast.svg.png Čerkasy 27.206 Zolotonoša
0%
250px-Flag_of_Dnipropetrovsk_Oblast.svg.png Dnipropetrovs'k 42.052 Žovti Vody
0%
250px-Flag_of_Zhytomyr_Oblast.svg.png Žytomyr 55.086 Zviahel
0%
No matching quizzes found
Score Distribution
Percent of People with Each Score
Percentile by Number Answered
Your Score History
You have not taken this quiz